WHEN I WILL GRO AP!!! - Statistics

General Stats
  • This quiz has been taken 12 times
    10 since last reset
  • The average score is 7 of 14
Answer Stats
Hint Answer % Correct
. GRO
100%
. I
100%
. WHEN
100%
. A
83%
. WILL
83%
. UP
67%
. AND
33%
. BE
33%
. AND DESTROY
17%
. ARMY
17%
. INDIA
17%
. I WILL
17%
. PAKISTAN
17%
. SAVE
17%
No matching quizzes found
Score Distribution
Percent of People with Each Score
Percentile by Number Answered
Your Score History
You have not taken this quiz since the last reset